LEADER 01080nam a2200205 i 4500 001 000000024272 003 CaOOAMICUS 005 20180830125446.0 008 180830s1936 it u000 u ita u 040 $aSeMil$bita 100 1 $aTantardini, Mario <1946- >.$0(OLS)http://semarc/name/10749 245 10$aStoria dell'arte /$cMario Tantardini. 260 $aMilano :$bCasa editrice d'arte e liturgia Beato Angelico,$c1936. 300 $av. ;$c25 cm. 650 4$aArte - Storia.$0(OLS)http://semarc/subject/1739 774 0 $aTantardini, Mario <1946- >$tArte cristiana dal Rinascimento al secolo XX.$dMilano : Ed. Arte e Liturgica B. Angelico, 1940.$g3$w()141597 774 0 $aTantardini, Mario <1946- >$tArte pre-cristiana.$g1$w()141598 774 0 $aTantardini, Mario <1946- >$tArte cristiana prima del Rinascimento.$dMilano : Casa editrice d'arte e liturgia Beato Angelico, imprim. 1938.$g2$w()167508 996 $6245$aStoria dell'arte$9(OLS)http://semarc/title/15478 996 $6260$aMilano :$bCasa editrice d'arte e liturgia Beato Angelico$9(OLS)http://semarc/publisher/34924 LEADER 00652nam a2200205 i 4500 001 000000235081 003 CaOOAMICUS 005 20141028000000.0 008 141028n it u000 u ita u 013 $a213984 040 $aSeMil$bita 245 10$aProtestantesimo-Vita. 300 $a735 p. 500 $aFondo card. Giovanni Colombo. 773 0 $tDizionario teologico.$dBrescia : Queriniana, 1966.$g3$w()30834 850 $aSeMil 852 $aSeMil$W1$xVenegono$y1$m3GC V 94$j185427$B185427$CSeMilBibl$Z2$F196575 $8B 941 1 $a3 961 $aLascito: Colombo Card. Giovanni 996 $6245$aProtestantesimo-Vita$9(OLS)http://semarc/title/335273